<?xml version="1.0" encoding="UTF-8"?><?xml-stylesheet type="text/xsl" href="static/style.xsl"?><OAI-PMH xmlns="http://www.openarchives.org/OAI/2.0/" xmlns:xsi="http://www.w3.org/2001/XMLSchema-instance" xsi:schemaLocation="http://www.openarchives.org/OAI/2.0/ http://www.openarchives.org/OAI/2.0/OAI-PMH.xsd"><responseDate>2026-04-17T17:19:57Z</responseDate><request verb="GetRecord" identifier="oai:www.recercat.cat:20.500.12327/4902" metadataPrefix="marc">https://recercat.cat/oai/request</request><GetRecord><record><header><identifier>oai:recercat.cat:20.500.12327/4902</identifier><datestamp>2026-02-24T00:35:11Z</datestamp><setSpec>com_2072_4428</setSpec><setSpec>com_2072_4427</setSpec><setSpec>col_2072_487898</setSpec></header><metadata><record xmlns="http://www.loc.gov/MARC21/slim" xmlns:dcterms="http://purl.org/dc/terms/" xmlns:xsi="http://www.w3.org/2001/XMLSchema-instance" xmlns:doc="http://www.lyncode.com/xoai" xsi:schemaLocation="http://www.loc.gov/MARC21/slim http://www.loc.gov/standards/marcxml/schema/MARC21slim.xsd">
   <leader>00925njm 22002777a 4500</leader>
   <datafield ind2=" " ind1=" " tag="042">
      <subfield code="a">dc</subfield>
   </datafield>
   <datafield ind2=" " ind1=" " tag="720">
      <subfield code="a">Campos-Dominguez, Lucía</subfield>
      <subfield code="e">author</subfield>
   </datafield>
   <datafield ind2=" " ind1=" " tag="720">
      <subfield code="a">Castanera, Raúl</subfield>
      <subfield code="e">author</subfield>
   </datafield>
   <datafield ind2=" " ind1=" " tag="720">
      <subfield code="a">Grover, Corrine E.</subfield>
      <subfield code="e">author</subfield>
   </datafield>
   <datafield ind2=" " ind1=" " tag="720">
      <subfield code="a">Wendel, Jonathan F.</subfield>
      <subfield code="e">author</subfield>
   </datafield>
   <datafield ind2=" " ind1=" " tag="720">
      <subfield code="a">Casacuberta, Josep M.</subfield>
      <subfield code="e">author</subfield>
   </datafield>
   <datafield ind2=" " ind1=" " tag="260">
      <subfield code="c">2025-10-27</subfield>
   </datafield>
   <datafield ind2=" " ind1=" " tag="520">
      <subfield code="a">Background&#xd;
Transposable elements are major components of plant genomes and major drivers of plant genome evolution. The cotton genus (Gossypium) is an excellent evolutionary model for polyploidization, speciation, domestication, and crop improvement. Here, we implement genome and pangenome analyses to study in detail the dynamics of LTR-retrotransposons during the cotton evolution.&#xd;
&#xd;
Results&#xd;
We show that some LTR-retrotransposon lineages amplified in tetraploid cotton compared to their diploid progenitors, whereas others stayed stable or amplified but were removed through solo-LTR formation. Using species-level pangenomes we show that only a few lineages (CRM, Tekay, Ivana, and Tork) remained active after polyploidization and are still transposing. Tekay and CRM elements have re-shaped the centromeric and pericentromeric regions of tetraploid cottons in a subgenome specific manner, through new insertions but also selective eliminations through solo-LTR formation. On the other hand, Ivana and Tork have actively inserted within or close to genes affecting their expression. Finally, population-level analyses using the two pangenomes and data from 283 and 223 varieties of G. hirsutum and G. barbadense reveal changes in Transposon Insertion Polymorphism frequencies accompanying domestication and improvement of both species, suggesting the possibility of selection on linked regions.&#xd;
&#xd;
Conclusions&#xd;
Our findings reveal that LTR-retrotransposon lineages followed differential dynamics during cotton evolution, displaying differences among species and the two coresident genomes of allopolyploid cotton. A handful of the LTR-retrotransposon lineages that expanded after polyploidization helped shape the genomes of both G. hirsutum and G. barbadense, impacting their centromere and pericentromeric regions as well as protein-coding genes.</subfield>
   </datafield>
   <datafield ind1="8" ind2=" " tag="024">
      <subfield code="a">1474-7596</subfield>
   </datafield>
   <datafield ind1="8" ind2=" " tag="024">
      <subfield code="a">https://hdl.handle.net/20.500.12327/4902</subfield>
   </datafield>
   <datafield ind1="8" ind2=" " tag="024">
      <subfield code="a">https://doi.org/10.1186/s13059-025-03837-7</subfield>
   </datafield>
   <datafield ind2="0" ind1="0" tag="245">
      <subfield code="a">Differential LTR‑retrotransposon dynamics across polyploidization, speciation, domestication, and improvement of cotton (Gossypium)</subfield>
   </datafield>
</record></metadata></record></GetRecord></OAI-PMH>